00777nam a22002055i 4500001000700000003000900007005001700016008004100033040002000074080001200094100003400106245007200140250001200212260003600224300004600260530003400306650002000340852010800360856010300468161449ES-MaACL20250901032930.0041019s1883 xxk |||| | eng d aCAM bspa cCAM a616.9321 aParkin, John,d1801-1886eaut14aThe antidotal treatment of the epidemic cholera / cby John Parkin. a4th ed. aLondon : bDavid Bogue, c1883. aVIII, 280 páginas, [3] hojas ; c22 cm. aDisponible en formato digital 7aCólera2embne aES-MaACLcDEPO2gDed. ms. del autor al ministro de Interior de EspañahDonativo RodajE-13124 xTela  uhttps://archive.org/details/b20394196/page/n5/mode/2upyVersión en línea z(Internet Archive)